Statystyki dla Rasy kotów

Kliknij tutaj aby rozwiązać quiz!

Ogólne statystyki

  • Ten quiz został rozwiązany 241 razy
  • Średni wynik to 5 z 12

Statystyki odpowiedzi

PodpowiedźOdpowiedź% Poprawnych
Nielubiane przez wielu z powodu nie posiadanie futra.Sfinks
78%
Rasa kota pochodząca ze Stanów Zjednoczonych, powstała w wyniku skrzyżowania dzikiego kota bengalskiego z kotem domowymBengalski
63%
Są jednymi z największych kotów domowych. Ich waga waha się od 6 do 8 kilogramów. Posiadają dobrze umięśnione ciało. Jedne z najbardziej popularnych.Maine Coon
61%
Długa i delikatna sierść, szeroka głowa, okrągłe uszyPerski
59%
Powstała w Norwegii bez ingerencji człowieka i zachwyca swoim pierwotnym wyglądem i charakterem. Są bardzo przyjazne, bardzo towarzyskie.Norweski leśny
44%
Tylne łapy są odrobinę dłuższe niż przednie, co sprawia, że linia grzbietu jest lekko spadzista. Przypomina przytulankę. Jest na zdjęciu quiza.Ragdoll
44%
Rasa czasami nazywana koto-psami, ponieważ pozwala się wytresować i przywiązuje się do człowiekaSyjamski
42%
Pochodzi z zachodniej Rosji. Smukła budowa i długie nogi jest tym co je charakteryzuje najbardziej. Ma również krótkie włosy.Rosyjski niebieski
38%
Duch dzikich kotów zamknięty w “małym formacie” kota domowego. Pochodzi z Rosji. Posiada bardzo wiele cech dzikiego kota.Syberyjski
33%
Udomowiony ssak, najbardziej powszechny kot. Zwany również "dachowiec".Domowy
28%
Rasa kota wyhodowana w latach 50., prawdopodobnie w Egipcie. Charakteryzuje się centkami na futrze.Egipski mau
18%
Pochodzi z USA, lecz nazwa tego nie wskazuje. Jest to kot bardzo aktywny, inteligentny i ogromnie ciekawski. Jest kotem bardzo wymagającym. Potrzebuje silnej więzi z opiekunemSomalijski
10%

Rozkład punktacji

Percentyl według liczby udzielonych odpowiedzi

Procent ludzi z każdym wynikiem

Twoja historia wyników

Nie rozwiązałeś tego quizu